| 000 | 01102nam a2200301 i 4500 | ||
|---|---|---|---|
| 001 | 19330 | ||
| 003 | KOSZ 005 | ||
| 005 | 20200423133000.0 | ||
| 008 | 981106s1980 pl d |000 0 fre | ||
| 015 | _aPB 1980/6148 | ||
| 020 | _a8321400647 | ||
| 020 | _a8321400655 | ||
| 035 | _a(OCoLC)835907091 | ||
| 040 |
_aWA N _cWA N _dKOSZ 005/HR |
||
| 041 | 0 |
_afre _apol |
|
| 080 | _a811.133.1:811.162.1'374 | ||
| 245 | 0 | 0 |
_aWielki słownik francusko-polski = _bGrand dictionnaire français-polonais. _nT. 1, _pA-L / _c[oprac. Stefania Ciesielska-Borkowska et al.]. |
| 246 | 3 | 1 | _aGrand dictionnaire français-polonais. |
| 260 |
_aWarszawa : _b"Wiedza Powszechna", _c1980. |
||
| 300 |
_aXV, [1], 1048 s. ; _c24 cm. |
||
| 380 | _aKsiążki | ||
| 658 | _aJęzykoznawstwo | ||
| 655 | 4 | _aSłownik francusko-polski | |
| 700 | 1 |
_aCiesielska-Borkowska, Stefania _d(1889-1966). _eOpracowanie |
|
| 710 | 2 |
_aPaństwowe Wydawnictwo Wiedza Powszechna _4pbl. |
|
| 856 |
_uhttp://koha.tu.koszalin.pl/cgi-bin/koha/opac-detail.pl?biblionumber=19330 _yKatalog online BPK |
||
| 942 |
_2UKD _cKS |
||
| 999 |
_c19330 _d19330 |
||